| 000 | 00435nam a2200145 a 4500 | ||
|---|---|---|---|
| 001 | 000028323 | ||
| 005 | 20200930031535.0 | ||
| 008 | 110407s1981 dr 000 0 spa d | ||
| 040 |
_aDO-SdBNP _bspa _cBNPHU |
||
| 100 | 1 |
_aBodden, Daniel _955308 |
|
| 245 | 1 | 0 |
_aUsos y abusos de la electricidad / _cDaniel Bodden. |
| 260 |
_aSanto Domingo : _bCorporación Dominicana de Electricidad, _c1981. |
||
| 300 |
_a25 p. ; _c22 cm. |
||
| 049 | _aBNPD | ||
| 999 |
_c27815 _d27815 |
||